000
00288nam a2200121Ia 4500
008
240624s9999 xx 000 0 und d
041
_a
eng
082
_a
658.42 BEN
100
_a
BENTON D A
245
_a
CEO DIFFERENCE
260
_c
2014
_a
New Delhi
_b
Tata McGraw - Hill
365
_c
RS
_b
33
999
_c
26206
_d
26206